Statistiques concernant Associez les bons prénoms pour former un nom complet #1

Cliquez ici pour prendre le quiz!

Statistiques générales

  • Ce quiz a été pris 13 865 fois
  • Le résultat moyen est 11 sur 20

Statistiques - réponses

Nom complet% Correct
Jean-PaulGaultierJean-Paul Gaultier
86%
FranckyVincentFrancky Vincent
79%
ClaudeFrançoisClaude François
76%
LineRenaudLine Renaud
73%
MireilleMathieuMireille Mathieu
73%
PatrickSébastienPatrick Sébastien
69%
ClaraMorganeClara Morgane
67%
ThierryHenryThierry Henry
67%
JeanGabinJean Gabin
60%
AnatoleFranceAnatole France
56%
ÉvelyneThomasÉvelyne Thomas
51%
ÉmileLouisÉmile Louis
48%
PierreRichardPierre Richard
45%
PaulValéryPaul Valéry
43%
AlainBernardAlain Bernard
41%
Louis-FerdinandCélineLouis-Ferdinand Céline
41%
GuyGeorgesGuy Georges
39%
JacquesMartinJacques Martin
38%
MarieMyriamMarie Myriam
36%
NathalieSimonNathalie Simon
33%

Distribution des résultats

Percentile par nombre de réponses

% des personnes avec chaque résultat

Votre développement - résultats

Vous n’avez pas pris ce quiz